000 01054cam a2200217 4500
001 WB@3612-463
008 041012n2004 000 0 eng u
035 _a(Sirsi) u127665
245 _aHouse price index: August 2004
260 _c2004
490 _aODPM Statistical Release
_v(2004/0239) 11 October 2004 (3)
520 _aThe mix-adjusted average house price in the UK in August 2004 stood at £179 486, according to the ODPM's "House price index: August 2004". The rise in prices was across the board and not just in one sector - detached properties rose in price by 1.5%, semi-detached by 1%, terraced houses by 0.9% and flats by 1%. UK annual house price inflation in that month was 13.6%, down from 14.3% in July. Further details are available from the website. http://www.odpm.gov.uk/pns/displaypn.cgi?pn_id=200 4_0239
590 _aWB
590 _aWB
650 _aHOUSE PRICE INDEX
650 _aHOUSE PRICE INFLATION
650 _aINTEREST RATES
650 _aHOUSING-MARKET
690 _aHOUSING-HOUSE PRICES
942 _n0
999 _c118137
_d118137